1748 1784 1076 1337 1669 1364 1083 1449 1539 1914 1002 1906 1940 1383 1925 1285 1017 1767 1321 1995 1619 1151 1655 1724 1137 1758 1579 1911 1345 1557 1534 1943 1911 1646 1814 1222 1998 1134 1974 1847 1496 1249 1268 1594 1455 1884 1993 1541 1536 1135 1827 1784 1732 1477 1777 1815 1929 1347 1225 1810 1091 1670 1519 1988 1397 1406 1482 1047 1107 1918 1850 1155 1797 1975 1444 1702 1477 1620 1581 1052 1731 1201 1648 1426 1774 1639 1074 1401 1297 1893 1160 1277 1965 1635 1504 1524 1145 1448 1975 BCNSPRNW ULIB Ver.6.0+V

เปลี่ยนเป็นภาษาไทย

Change to English
 แสดงรายละเอียดบรรณานุกรม
  กลับหน้าหลัก

Brief Record : Get Marc (ISO 2709) : E-mail record : QR code < ปิดหน้าต่าง
LEADER : 00000nam 2200000uu 4500
001    13399125195
003     ULIB
008    161109s2547||||th 000 0 tha d
099    ^aวจ.WY18.2^bม335ค
100 0  ^aมัณฑนา สุพรรณไพบูลย์
245 00 ^aความสัมพันธ์ระหว่างกิจกรรมการเรียนการสอน สภาพแวดล้อมของสถาบันการศึกษากับพฤติกรรมการแสดงออกอย่างเหมาะสมของนักศึกษาพยาบาลศาสตร์ ชั้นปีที่ 3/^cมัณฑนา สุพรรณไพบูลย์
260    ^aนครสวรรค์ :^bวิทยาลัยพยาบาลบรมราชชนนี สวรรค์ประชารักษ์ นครสวรรค์ ^c2547
300    ^a91 หน้า :^bตาราง
945    ^p0^l0^i001471
999    ^aวรรณษา ชูชัยมงคล
รายการนี้ยังไม่มีแท็ก
คุณยังไม่ได้ล็อกอิน คุณสามารถมีกิจกรรมร่วมกับเว็บไซต์ได้ แต่ต้องล็อกอินก่อน ::
  ล็อกอิน

รายการสื่อสารสนเทศ

ลำดับที่ ประเภท เลขเรียก/บาร์โค้ด สถานที่ สถานะ
1. งานวิจัย
งานวิจัย
วจ.WY18.2 ม335ค ฉ.1 
  Barcode: 001471
ห้องสมุดวิทยาเขตสวรรค์ประชารักษ์
►วิจัย
บนชั้น

BibComment


ยังไม่เคยถูกคอมเมนท์

คอมเมนท์ทรัพยากรรายการนี้
  คอมเมนท์: ความสัมพันธ์ระหว..


 Copyright 2026. Bcnsprnw @Library